| 000 | 00413nam a22001697a 4500 | ||
|---|---|---|---|
| 005 | 20180131121825.0 | ||
| 008 | 160629b xxu||||| |||| 00| 0 eng d | ||
| 020 | _a81-89757-27-X | ||
| 041 | _aeng | ||
| 082 |
_b12392 _a004.16 |
||
| 100 |
_aMarriwala, Nikhil _93104 |
||
| 245 | _aMicroprocessors & Interfacing | ||
| 260 |
_bKatson _c2011 |
||
| 300 | _a838 | ||
| 650 |
_aInformation Technology _9137 |
||
| 942 | _cBK | ||
| 999 |
_c4709 _d4707 |
||